000 00298nam a22001337a 4500
008 180814b xxu||||| |||| 00| 0 eng d
020 _a9781900151863
041 _aeng
080 _a616.2
100 _a7
101 _aKAR
245 _aPRACTICAL ECHOCARDIOGRAPHY
_cWALSH.C.A
942 _2udc
_cBK
999 _c47169
_d47169